000 00939nas a2200301 4500
001 BR7800746
003 BR-BrBNA
005 20231205083324.0
007 ta
008 230509b bl.|||p| |||| 00| 00por d
040 _aBR-BrBNA
_bpor
_cBiblioteca Nacional de Agricultura
041 _a(Pt)
072 _aL73
100 1 _aAraujo, M.L.R.
100 1 _aGalletti, M.
100 1 _aRocha, M.A.M.
100 1 _aAnselmo, F.P.
100 1 _aMoreira, E.C.
245 1 _aIsolamento do virus da estomatite vesicular tipo indiana, subtipo indiana 3 no Estado de Minas Gerais, Brasil [bovino]
650 _aBOVINO
650 _aEQUINO
650 _aVIRUS
650 _aESTOMATITE
650 _aMINAS GERAIS
773 0 _tArquivos da Escola de Veterinaria da Universidade Federal de Minas Gerais (Brazil)
_xISSN 0365-8384
_g(1977), v. 29(2) p. 185-189
_wBR7800746
909 _a202311
_bLúcia
_c55
_dLúcia Elande
942 _2AGRIS
_n0
_cANA
999 _c97975
_d97975